000 00397nam a22001697a 4500
003 MACL
005 20160116164858.0
008 160116b xxu||||| |||| 00| 0 eng d
040 _cMACL
041 _aEnglish
082 _a821/SAR
100 _aSarkar,Jaydip
_933008
245 _aKamala Das and Her Poetry
260 _aKolkata
_bBooks Way
_c2009
650 _aPoetry
_933009
942 _2ddc
_cBK
999 _c52709
_d52709